• 首页
  • 本馆介绍
  • 公告通知
  • 最新文献
  • 馆藏检索
  • 电子资源
  • 读者导购
  • 参考咨询
  • 我的图书馆
  • 登录
  • 详细信息显示
  • 放入我的书架
  • 预约/预借图书
  • 作者相关作品
  • 分类相关作品
  • 丛书相关作品
  • 出版社相关作品

书目信息

  • 表格格式
  • 工作单格式
  • 卡片格式
题名:
唐山大地震震害
    
 
作者: 刘恢先 主编
分册: 第四册  
出版信息: 北京   地震出版社  1986
页数: 1册
开本: 26cm
丛书名:
单 册:
中图分类: P315.9
科图分类:
主题词: 大地震-地震震害--唐山市--资料 , 地震震害-大地震--唐山市--资料
电子资源:
ISBN:
000 00679nam0 2200241 45
001 0186011003
005 20061122085520.04
010    @b精装@dCNY14.50
091    @aCN@b13180.315
100    @a19900818d1986 kemy0chiy0121 ea
101 0  @achi
102    @aCN@b110000
105    @af z 000yy
200 10 @a唐山大地震震害@Atang shan da di zhen zhen hai@h第四册@f刘恢先主编
210    @a北京@c地震出版社@d1986
215    @a1册@c照片@d26cm
606    @a大地震-地震震害@y唐山市@x资料
606    @a地震震害-大地震@y唐山市@x资料
690    @aP315.9@v3
701  0 @a刘恢先@Aliu hui xian@4主编
801  2 @aCN@bNLC@c20061122
801  0 @aCN@bTSSF
905    @a10447@dP315.9@e31:4
    
    唐山大地震震害.第四册/刘恢先主编.-北京:地震出版社,1986
    1册:照片;26cm
    
    
    ISBN (精装):CNY14.50
    
●
相关链接 在E读中查询图书 在五车中查询图书 在当当中查询图书 在豆瓣中查询图书


正题名:唐山大地震震害     索取号:P315.9/31:4         预约/预借

序号 登录号 条形码 馆藏地/架位号 状态 备注
1 0164139   000556473   第二样本阅览室/ [索取号:P315.9/31:4] 在馆    
唐山师范学院图书馆 欢迎您!
大连网信软件有限公司© 版权所有